1349 1676 1973 1340 1894 1790 1264 1010 1809 1278 1005 1667 1704 1385 1649 1168 1634 1564 1824 1542 1515 1529 1419 1652 1563 1789 1544 1686 1916 1651 1235 1563 1664 1476 1030 1205 1350 1323 1273 1999 1906 1406 1241 1698 1163 1722 1166 1268 1411 1318 1763 1986 1257 1883 1285 1367 1667 1640 1865 1065 1686 1427 1073 1683 1440 1925 1524 1315 1220 1311 1077 1695 1452 1653 1673 1345 1507 1210 1468 1064 1894 1111 1900 1197 1624 1624 1188 1446 1654 1957 1819 1684 1074 1906 1787 1451 1959 1097 1989 BCNSPRNW ULIB Ver.6.0+V

เปลี่ยนเป็นภาษาไทย

Change to English
 แสดงรายละเอียดบรรณานุกรม
  กลับหน้าหลัก

Brief Record : Get Marc (ISO 2709) : E-mail record : QR code < ปิดหน้าต่าง
LEADER : 00000nam a2200000Ia 4500
001    13399128088
003     ULIB
008    180430s2561 th a 000 0 tha d
020    ^a9786164072770
040    ^abrv
050  4 ^aKF8902.E42^bป453ว
100 0  ^aปราวีณยา สุวรรณณัฐโชติ
245 10 ^aวัคซีนคุ้มภัยคนยุคดิจิทัล :^bประเด็นจริยธรรมและข้อควรรู้ทางกฎหมาย /^cปราวีณยา สุวรรณณัฐโชติ
250    ^aพิมพ์ครั้งที่ 1
260    ^aกรุงเทพฯ :^bศูนย์ส่งเสริมการพัฒนานวัตกรรม ตำราและเอกสารทางวิชาการคณะครุศาสตร์ จุฬาลงกรณ์มหาวิทยาลัย,^c2561
300    ^a141 หน้า :^bภาพประกอบ ;^c26 ซม.
650  4 ^aสังคมออนไลน์
650  4 ^aอาชญากรรมทางคอมพิวเตอร์
650  4 ^aอาชญากรรมทางคอมพิวเตอร์^xกฎหมายและระเบียบข้อบังคับ
710 2  ^aจุฬาลงกรณ์มหาวิทยาลัย.^bคณะครุศาสตร์.^bศูนย์ส่งเสริมการพัฒนานวัตกรรมตำราและเอกสารทางวิชาการ
910    ^aSend to UC
945    ^p215^l0^i29296
945    ^p215^l0^i29297
945    ^p215^l0^i29298
945    ^p215^l0^i29299
945    ^p215^l0^i29300
995    ^aกัณชพร จุลอักษร
999    ^aกัณชพร
รายการนี้ยังไม่มีแท็ก
คุณยังไม่ได้ล็อกอิน คุณสามารถมีกิจกรรมร่วมกับเว็บไซต์ได้ แต่ต้องล็อกอินก่อน ::
  ล็อกอิน

รายการสื่อสารสนเทศ

ลำดับที่ ประเภท เลขเรียก/บาร์โค้ด สถานที่ สถานะ
1. หนังสือสำรอง
หนังสือสำรอง
KF8902.E42 ป453ว ฉ.1 
  Barcode: 29296
ห้องสมุดวิทยาเขตนครสวรรค์
►หนังสือทั่วไป:l:General Books
บนชั้น
2. วิทยาศาสตร์การแพทย์ และสุขภาพ
วิทยาศาสตร์การแพทย์ และสุขภาพ
KF8902.E42 ป453ว ฉ.2 
  Barcode: 29297
ห้องสมุดวิทยาเขตนครสวรรค์
►หนังสือทั่วไป:l:General Books
บนชั้น
3. วิทยาศาสตร์การแพทย์ และสุขภาพ
วิทยาศาสตร์การแพทย์ และสุขภาพ
KF8902.E42 ป453ว ฉ.3 
  Barcode: 29298
ห้องสมุดวิทยาเขตนครสวรรค์
►หนังสือทั่วไป:l:General Books
บนชั้น
4. วิทยาศาสตร์การแพทย์ และสุขภาพ
วิทยาศาสตร์การแพทย์ และสุขภาพ
KF8902.E42 ป453ว ฉ.4 
  Barcode: 29299
ห้องสมุดวิทยาเขตนครสวรรค์
►หนังสือทั่วไป:l:General Books
บนชั้น
5. วิทยาศาสตร์การแพทย์ และสุขภาพ
วิทยาศาสตร์การแพทย์ และสุขภาพ
KF8902.E42 ป453ว ฉ.5 
  Barcode: 29300
ห้องสมุดวิทยาเขตนครสวรรค์
►หนังสือทั่วไป:l:General Books
บนชั้น

รายการใกล้เคียง
    ผู้แต่ง [ปราวีณยา สุวรรณณัฐโชติ]

    หัวเรื่อง [สังคมออนไลน์]
    หัวเรื่อง [อาชญากรรมทางคอมพิวเตอร์]

BibComment


ยังไม่เคยถูกคอมเมนท์

คอมเมนท์ทรัพยากรรายการนี้
  คอมเมนท์: วัคซีนคุ้มภัยคนย..


 Copyright 2026. Bcnsprnw @Library